Statistiques concernant Culture Générale (P.3)

Cliquez ici pour prendre le quiz!

Statistiques générales

  • Ce quiz a été pris 277 fois
  • Le résultat moyen est 6 sur 15

Statistiques - réponses

QuestionRéponse% Correct
Selon la bible, quel animal poussa Ève a manger le fruit défendu ?Serpent
94%
Quelle est la capitale la plus au sud du globe ?Wellington
62%
Dans quelle ville Italienne se passe l'action de Roméo et Juliette de Shakespeare ?Vérone
61%
Quel philosophe a écrit le mythe de la caverne ?Platon
59%
Quel est le seul élément chimique qui commence par un X ?Xénon
58%
Plante de montagne aux feuilles blanches et emblème national SuisseEdelweiss
56%
Quel est le pays dont le drapeau national est un disque rouge sur un fond vert foncé ?Bangladesh
49%
Qui a écrit le plaidoyer contre la peine de mort "Le dernier jour d'un condamné" ?Victor Hugo
45%
Quelle ville accueillera les Jeux Olympiques de 2028 ?Los Angeles
39%
Dans le film "Les valseuses" de 1974, qui est le complice de Patrick Dewaere ?Gérard Depardieu
38%
Date de début de la 2e République1848
28%
Date à laquelle Charlemagne est sacré Roi des Francs768
12%
Quel est le muscle le plus puissant du corps humain ?Grand fessier
10%
Dans quelle village de l'Aude les "élus" devaient-ils échapper à l'apocalypse du 21/12/12 ?Burgarach
7%
Quel Grand Homme influença grandement la musique de Beethoven ?Napoléon Bonaparte
5%

Distribution des résultats

Percentile par nombre de réponses

% des personnes avec chaque résultat

Votre développement - résultats

Vous n’avez pas pris ce quiz